| 000 | 00308 a2200085 4500 | ||
|---|---|---|---|
| 999 |
_c21301 _d21301 |
||
| 003 | WA 310 | ||
| 005 | 20211208100032.0 | ||
| 008 | 211208s1999 pl a|||f u||| 000 0dpol d | ||
| 020 | _a832362805X | ||
| 040 |
_aWA 310 _cWA 310 |
||
| 041 |
_apol _heng |
||
| 245 | 0 | 0 |
_aTechnika informatyczna - Systemy okablowania strukturalnego = _bInformation technology - Generic cabling systems PN-EN 50173:1999P / _cNKP nr 171. |
| 246 | 1 | 3 | _aPN-EN 50173 |
| 246 | 1 | 3 | _aICS 33.040.50, 33.120.20 |
| 246 | 1 | 3 | _aPolska Norma |
| 246 | 3 | 1 | _aInformation technology - Generic cabling systems |
| 260 |
_aWarszawa : _bPKN, _c1999. |
||
| 300 |
_a46 stron : _bilustracje ; _c30 cm. |
||
| 336 |
_2rdacontent _aTekst _btxt |
||
| 337 |
_2rdamedia _aBez urządzenia pośredniczącego _bn |
||
| 338 |
_2rdacarrier _aWolumin _bnc |
||
| 500 | _aWprowadza ISO/IEC 11801:1995, IDT, EN 50173:1995, IDT ; Zatwierdzona 28 stycznia 1999 r. | ||
| 500 | _aNorma Europejska EN 50173:1995 [...] ma status Polskiej Normy. | ||
| 504 | _aBibliografia na stronie 81. | ||
| 590 | _6Status: wycofana ; Zastąpiona przez PN-EN 50173-1:2004 wersja polska. | ||
| 710 |
_91107 _aPolska. _bPolski Komitet Normalizacyjny. |
||
| 920 | _a83-236-2805-X | ||
| 942 |
_2ddc _cBK |
||